Nové prístupy k meraniu výkonnosti podnikov bakalárska práca

Uložené v:
Podrobná bibliografia
Hlavný autor: Matejová, Viktória
Korporativný autor: Podnikovohospodárska fakulta EU so sídlom v Košiciach. Katedra ekonómie
Ďalší autori: Lacko, Roman, 1988-
Médium: Kniha
Jazyk:Slovak
Vydavateľské údaje: Košice 2018
Tagy: Pridať tag
Žiadne tagy, Buďte prvý, kto otaguje tento záznam!

MARC

LEADER 00000nbm a2200000 4500
001 0247245
005 20240827092716.6
041 0 |a slo 
044 |a SK 
245 1 0 |a Nové prístupy k meraniu výkonnosti podnikov  |b bakalárska práca  |c Viktória Matejová ; školiteľ: Roman Lacko 
264 1 |a Košice  |c 2018 
300 |a 44 s. 
100 1 |a Matejová, Viktória 
700 1 |a Lacko, Roman, 1988- 
710 2 |a Podnikovohospodárska fakulta EU so sídlom v Košiciach. Katedra ekonómie